Caporetto : The scapegoat battle
Gardado en:
| Autor Principal: | |
|---|---|
| Formato: | Libro |
| Idioma: | Undetermined |
| Publicado: |
London
Macdonald
1965
|
| Những chủ đề: | |
| Các nhãn: |
Engadir etiqueta
Sen Etiquetas, Sexa o primeiro en etiquetar este rexistro!
|
| Thư viện lưu trữ: | Trung tâm Học liệu Trường Đại học Cần Thơ |
|---|
| LEADER | 00510nam a2200193Ia 4500 | ||
|---|---|---|---|
| 001 | CTU_81077 | ||
| 008 | 210402s9999 xx 000 0 und d | ||
| 082 | |a 945 | ||
| 082 | |b S495 | ||
| 100 | |a Seth, Ronald | ||
| 245 | 0 | |a Caporetto : | |
| 245 | 4 | |b The scapegoat battle | |
| 245 | 0 | |c Ronald Seth | |
| 260 | |a London | ||
| 260 | |b Macdonald | ||
| 260 | |c 1965 | ||
| 650 | |a Caporetto, Battle of, Kobarid, Slovenia, 1917 | ||
| 904 | |i Nguyên,Hải | ||
| 980 | |a Trung tâm Học liệu Trường Đại học Cần Thơ | ||